|
|
|
|
| LEADER |
007290000a22002170004500 |
| 020 |
|
|
|a 978-0-19-957299-1
|
| 082 |
|
|
|a 190 Q0
|
| 100 |
|
|
|a Leiter, Brian; Editor
|
| 100 |
|
|
|a Rosen, Michael; Editor
|
| 245 |
|
|
|a The Oxford handbook of continental philosophy
|
| 250 |
|
|
|
| 260 |
|
|
|a New Delhi, Oxford University Press
|e 2010
|
| 260 |
|
|
|c 2010
|
| 460 |
|
|
|a xi, 812p
|
| 465 |
|
|
|a Rs.1795.00
|
| 500 |
|
|
|a ed by Brian Leiter and Michael Rosen
|
| 500 |
|
|
|a Includes bibliographical references and index
|
| 650 |
|
|
|a Continental philosophy
|
| 942 |
|
|
|c BK
|
| 999 |
|
|
|c 47614
|d 47614
|
| 952 |
|
|
|0 0
|1 0
|4 0
|6 190_000000000000000_Q0
|7 0
|8 ENG
|9 48346
|a MGUL
|b MGUL
|d 2013-07-16
|e Rs.1795.00
|l 1
|m 1
|o 190 Q0
|p 45862
|r 2015-10-28
|s 2015-09-10
|w 2013-07-16
|y BK
|